Statistiques concernant Top 10 des boissons les plus vendues en France

Cliquez ici pour prendre le quiz!

Statistiques générales

  • Ce quiz a été pris 1 275 fois
  • Le résultat moyen est 3 sur 10

Statistiques - réponses

ClassementRéponse% Correct
1Coca Cola
99%
8Oasis
61%
2Lipton
51%
3Cristaline
31%
7Perrier
24%
5Volvic
19%
6Schweppes
18%
4Tropicana
9%
9Hepar
7%
10Tesseire
1%

Distribution des résultats

Percentile par nombre de réponses

% des personnes avec chaque résultat

Votre développement - résultats

Vous n’avez pas pris ce quiz